000 00357nam a2200157Ia 4500
003 OSt
005 20240311161413.0
008 170524s9999 xx 000 0 und d
020 _a9788186308813
040 _cIIMTU MEERUT
100 _aGoyal
245 0 _aTextbook of hotel maintenance
260 _bStandard pub. Dis
260 _c2005
942 _2ddc
_c02
999 _c7363
_d7363